=LDR 00000nam 2200000 4500 =001 INLIS000000000025853 =005 20130612124331 =008 ***********************************Ind** =035 ##$$0010-061300000025853 =041 ##$$a Ind =082 ##$$a 321 =090 ##$$a 321, Sto u =100 ##$$a Stowe, Harreit Becher =245 ##$$a Uncle tom's Cabin =260 ##$$a 1996 $b Denmark =300 ##$$a 123 hlm, ilus, 18 cm =650 ##$$a Komik =850 ##$$a NBPNMAT